| 000 | 01201cad a22001935a 4500 | ||
|---|---|---|---|
| 001 | L152497 | ||
| 008 | 110318s2011 xxk f 000 0 eng d | ||
| 035 | _a(Sirsi) u152497 | ||
| 041 | 0 | _aeng | |
| 110 | 2 |
_aEuropean Commission _92292 |
|
| 245 | 0 | 2 |
_aA roadmap for moving to a competitive low carbon economy in 2050 _h[electronic resource] |
| 260 |
_a[S.l.] _bEC _c2011 |
||
| 520 | _aSets out the Commission's views on key elements that should shape the EU's climate actions helping the EU become a competitive low carbon economy by 2050. As part of the milestones to 2050 explains how the EU is preparing to reduce its domestic emissions by 80% by 2050 compared to 1990. Further outlines how the transition to a greener economy can be achieved in the most cost effective way and the types of policies the EU will need to adopt including the requirement for additional investment averaging 1.5% of EU GDP every year for the next 40 years. | ||
| 590 | _aKA NTK | ||
| 651 | 4 | _aEurope | |
| 690 | _aENVIRONMENTAL AND LAND CONSULTANCY-ENERGY | ||
| 856 | 4 | 0 |
_uhttps://eur-lex.europa.eu/LexUriServ/LexUriServ.do?uri=COM:2011:0112:FIN:EN:PDF _zView the item free of charge at http://europa.eu |
| 942 | _n0 | ||
| 999 |
_c112075 _d112075 |
||